000 00549nam a2200193 a 4500
001 001197132
003 AM-YeHGA
005 20250617152902.0
008 161214s1978 ||| r 000 0 rus d
040 _aAM-YeHGA
041 0 _arus
100 1 _aПардэу, Платон
245 1 0 _aПрояснение /
_cПлатон Пардэу.
260 _aБухарест :
_bРумыния,
_c1978.
300 _a49 с.
440 0 _aБ-ка Румыния
_v№ 6/1978
650 1 4 _aРумынская литература
090 _c381721
999 _c379801
_d379801